[Event "II Liga SSCS 2015 - Istok"]
[Site "VRNJAČKA BANJA - Hotel "]
[Date "2015.10.10"]
[Round "9.11"]
[White "MAKSIMOVIC, Branimir"]
[Black "RADOSAVLJEVIC, Slobodan D"]
[Result "1-0"]
[WhiteElo "2318"]
[BlackElo "2174"]
[PlyCount "0"]
[EventDate "2015.08.28"]

1.c4 Nf6 2.g3 g6 3.Nc3 Bg7 4.Bg2 O-O 5.e4 d6 6.Nge2 c5 7.O-O
Nc6 8.d3 Rb8 9.h3 a6 10.f4 Bd7 11.Be3 b5 12.Qd2 Ne8 13.f5 Nd4
14.Rae1 Bc6 15.b3 a5 16.Bh6 bxc4 17.dxc4 Nxe2+ 18.Rxe2 Bd4+ 19.Kh2
Ng7 20.Rf4 Be5 21.Rff2 a4 22.bxa4 Qa5 23.Nd5 Qxd2 24.Nxe7+ Kh8
25.Rxd2 Bxa4 26.Rf3 Rfe8 27.Nd5 gxf5 28.exf5 Nh5 29.Nf4 Nf6 30.Ra3
Bd7 31.Ra7 Kg8 32.Nd5 Nxd5 33.Bxd5 Red8 34.Bg5 Be8 35.Bxd8 Rxd8
36.Rd3 1-0

[Event "II Liga SSCS 2015 - Istok"]
[Site "VRNJAČKA BANJA - Hotel "]
[Date "2015.10.10"]
[Round "9.12"]
[White "MILOSEVIC, Aleksandar"]
[Black "DJORDJEVIC, Vuk  **"]
[Result "0-1"]
[WhiteElo "2284"]
[BlackElo "2209"]
[PlyCount "0"]
[EventDate "2015.08.28"]

1.Nf3 d5 2.d4 c5 3.c4 e6 4.cxd5 exd5 5.g3 Nc6 6.Bg2 Nf6 7.O-O
Be7 8.Nc3 O-O 9.dxc5 Bxc5 10.a3 h6 11.b4 Be7 12.Bb2 Be6 13.Rc1
Qd7 14.Na4 Ne4 15.Ne1 Rac8 16.Nd3 b6 17.Nf4 Rfd8 18.Nh5 Bf8 19.Nc3
Nxc3 20.Rxc3 d4 21.Rxc6 Rxc6 22.Bxc6 Qxc6 23.Nf4 Bc4 24.Qd2 g6
25.Rd1 Bg7 26.e3 a5 27.Ng2 d3 28.Bxg7 Kxg7 29.Qc3+ Kg8 30.Ne1
Qe4 31.Qd2 Re8 32.h3 Bd5 33.f3 Qxe3+ 34.Qxe3 Rxe3 35.Kf2 Re2+
36.Kf1 Bc4 37.Kg1 Bb3 0-1

[Event "II Liga SSCS 2015 - Istok"]
[Site "VRNJAČKA BANJA - Hotel "]
[Date "2015.10.10"]
[Round "9.14"]
[White "STEFANOVIC, Vladimir"]
[Black "DJORDJEVIC, Nebojsa"]
[Result "1-0"]
[WhiteElo "2217"]
[BlackElo "2292"]
[PlyCount "0"]
[EventDate "2015.08.28"]

1.c4 e5 2.g3 d6 3.Bg2 Nc6 4.Nc3 g6 5.Nf3 Bg7 6.O-O Nge7 7.d3
O-O 8.Rb1 a5 9.a3 h6 10.b4 axb4 11.axb4 f5 12.b5 Nd4 13.Nxd4
exd4 14.Nd5 Nxd5 15.Bxd5+ Kh7 16.Bd2 Qe7 17.Re1 Rb8 18.Ra1 Be6
19.Bg2 Qd7 20.Qb3 g5 21.Ra7 Qc8 22.f4 Bf6 23.Qa3 b6 24.Qxd6 Rf7
25.Qa3 Be7 26.Qa6 Qd8 27.Ra8 Rf8 28.Rxb8 Qxb8 29.Ra1 Qe8 30.Qb7
Bd6 31.fxg5 hxg5 32.Bxg5 Qh5 33.Bf4 Bxf4 34.gxf4 Qxe2 35.Qxc7+
Bf7 36.Kh1 Qxd3 37.Qe7 1-0

[Event "II Liga SSCS 2015 - Istok"]
[Site "VRNJAČKA BANJA - Hotel "]
[Date "2015.10.10"]
[Round "9.16"]
[White "IVANOVIC, Zoran M"]
[Black "DJUKIC, Nebojsa"]
[Result "0-1"]
[WhiteElo "2100"]
[BlackElo "2174"]
[PlyCount "0"]
[EventDate "2015.08.28"]

1.e4 e6 2.d4 d5 3.Nd2 Nf6 4.Bd3 c5 5.c3 Nc6 6.e5 Nd7 7.Ne2 Qb6
8.Nf3 cxd4 9.cxd4 f6 10.exf6 Nxf6 11.O-O Bd6 12.Re1 O-O 13.a3
e5 14.dxe5 Nxe5 15.Nxe5 Bxe5 16.h3 Ng4 17.hxg4 Qxf2+ 18.Kh1 Qh4+
19.Kg1 0-1

[Event "II Liga SSCS 2015 - Istok"]
[Site "VRNJAČKA BANJA - Hotel "]
[Date "2015.10.10"]
[Round "9.17"]
[White "STOIMENOV, Roki"]
[Black "BLAGOJEVIC, Nikola  **"]
[Result "1-0"]
[WhiteElo "2021"]
[BlackElo "1707"]
[PlyCount "0"]
[EventDate "2015.08.28"]

1.Nf3 Nf6 2.g3 g6 3.d4 Bg7 4.Bg2 c5 5.dxc5 Qa5+ 6.Nc3 Qxc5 7.O-O
O-O 8.e4 d6 9.Be3 Qa5 10.Rb1 Nc6 11.a3 Bg4 12.Qc1 Rfe8 13.b4
Qh5 14.Nh4 Qe5 15.Qd2 Qe6 16.f4 Qd7 17.f5 Ne5 18.h3 Nc4 19.Qd3
Rac8 20.Rb3 Bh5 21.g4 Nxe3 22.Qxe3 Bxg4 23.hxg4 Nxg4 24.Qd2 Qc7
25.fxg6 hxg6 26.Rf3 d5 27.Bh3 Ne5 28.Rf2 Nc4 29.Qd3 dxe4 30.Nxe4
Rcd8 31.Qf3 Ne5 32.Qf4 Rd1+ 33.Kg2 Qc6 34.Rc3 Qd5 35.Rc5 Qd4
36.Rxe5 Qxe5 37.Qxf7+ Kh8 38.Qxg6 1-0

[Event "II Liga SSCS 2015 - Istok"]
[Site "VRNJAČKA BANJA - Hotel "]
[Date "2015.10.10"]
[Round "9.18"]
[White "PETROVIC, Dragoslav"]
[Black "DJORDJEVIC, Lazar  **"]
[Result "1-0"]
[WhiteElo "2014"]
[BlackElo "1845"]
[PlyCount "0"]
[EventDate "2015.08.28"]

1.d4 Nf6 2.c4 g6 3.Nc3 d5 4.cxd5 Nxd5 5.e4 Nxc3 6.bxc3 Bg7 7.Nf3
O-O 8.Be2 c5 9.O-O Bg4 10.Be3 Nc6 11.Rb1 Bxf3 12.Bxf3 cxd4 13.cxd4
Nxd4 14.Rxb7 e5 15.Be2 Qc8 16.Rb2 Rb8 17.Rxb8 Qxb8 18.Bc4 Rc8
19.Bd5 Qb4 20.Qb1 Rb8 21.Qd3 Rb5 22.g3 Bf8 23.Kg2 Bc5 24.Rc1
Kg7 25.a4 Ra5 26.Bd2 Ne2 27.Rc4 1-0

[Event "II Liga SSCS 2015 - Istok"]
[Site "VRNJAČKA BANJA - Hotel "]
[Date "2015.10.10"]
[Round "9.21"]
[White "MILOVANOVIC, Srboljub"]
[Black "TODOROVIC, Nenad I  **"]
[Result "1/2-1/2"]
[WhiteElo "2217"]
[BlackElo "2273"]
[PlyCount "0"]
[EventDate "2015.08.28"]

1.d4 Nf6 2.c4 e6 3.Nc3 Bb4 4.e3 O-O 5.Nf3 d5 6.Bd3 c5 7.O-O dxc4
8.Bxc4 Nbd7 9.Qe2 b6 10.Rd1 Bb7 11.d5 exd5 12.Nxd5 Nxd5 13.Bxd5
Bxd5 14.Rxd5 Qc7 15.a3 Ba5 16.Qc2 1/2-1/2

[Event "II Liga SSCS 2015 - Istok"]
[Site "VRNJAČKA BANJA - Hotel "]
[Date "2015.10.10"]
[Round "9.22"]
[White "BURA, Goran"]
[Black "PETROVIC, Dragan R"]
[Result "0-1"]
[WhiteElo "2270"]
[BlackElo "2201"]
[PlyCount "0"]
[EventDate "2015.08.28"]

1.e4 d6 2.d4 g6 3.Nf3 Bg7 4.c3 Nf6 5.Nbd2 O-O 6.Bd3 c5 7.d5 e5
8.dxe6 fxe6 9.O-O d5 10.Re1 Nc6 11.Qe2 Nh5 12.g3 Qf6 13.e5 Qe7
14.Nf1 Bd7 15.Ne3 Rxf3 16.Qxf3 Nxe5 17.Qe2 Rf8 18.f4 Nxf4 19.gxf4
Rxf4 20.Rf1 Rh4 21.Ng2 Rh3 22.Bc2 d4 23.Bd1 Bc6 24.Qf2 Nd3 25.Qd2
Be5 26.Bg4 Bxh2+ 27.Kh1 Rh4 28.Bf3 Bf4+ 29.Nxh4 Qxh4+ 30.Kg1
Bxd2 31.Bxc6 Bxc1 32.Raxc1 Nxc1 33.Bxb7 0-1

[Event "II Liga SSCS 2015 - Istok"]
[Site "VRNJAČKA BANJA - Hotel "]
[Date "2015.10.10"]
[Round "9.23"]
[White "KRAGULJAC, Pero"]
[Black "NJEGIC, Vladimir"]
[Result "0-1"]
[WhiteElo "2121"]
[BlackElo "2147"]
[PlyCount "0"]
[EventDate "2015.08.28"]

1.e4 d6 2.Nf3 Nf6 3.d3 g6 4.c3 Bg7 5.g3 O-O 6.Bg2 Nc6 7.O-O Bg4
8.h3 Bxf3 9.Bxf3 e5 10.Bg2 Qd7 11.Nd2 b5 12.Nf3 Rab8 13.Re1 b4
14.d4 bxc3 15.bxc3 Rfe8 16.d5 Na5 17.Nd2 Bh6 18.Nf3 Bxc1 19.Qxc1
Kg7 20.Nh4 h6 21.Bf1 Qa4 22.Bd3 Nb7 23.Bc2 Qa5 24.Re3 Nc5 25.Nf3
Nfd7 26.Nd2 Qa6 27.Nb3 Rec8 28.f4 c6 29.Rf3 cxd5 30.exd5 Qc4
31.Qd1 e4 32.Re3 Nf6 33.Nd2 Qxd5 34.Nxe4 Qxd1+ 35.Rxd1 Nfxe4
36.Bxe4 Nxe4 37.Rxe4 Rxc3 38.Rd2 Rxg3+ 39.Kh2 Ra3 40.Re7 Rb5
41.Rd7 Rf5 42.R2xd6 Rxa2+ 43.Kg3 Rfa5 0-1

[Event "II Liga SSCS 2015 - Istok"]
[Site "VRNJAČKA BANJA - Hotel "]
[Date "2015.10.10"]
[Round "9.25"]
[White "NADJ, Vanja"]
[Black "KOSTIC, Tomislav  **"]
[Result "0-1"]
[WhiteElo "1969"]
[BlackElo "1983"]
[PlyCount "0"]
[EventDate "2015.08.28"]

1.e4 c5 2.Nf3 e6 3.d3 d5 4.Nbd2 Nc6 5.c3 Nf6 6.g3 Be7 7.Bg2 O-O
8.O-O e5 9.Re1 d4 10.Nc4 Qc7 11.a4 Be6 12.Na3 a6 13.Ng5 Bg4 14.f3
Bh5 15.Bd2 Rab8 16.c4 Nd7 17.Nh3 Na7 18.g4 Bg6 19.f4 f6 20.f5
Bf7 21.g5 b5 22.axb5 axb5 23.Qg4 fxg5 24.Nxg5 bxc4 25.Nxf7 Rxf7
26.Nxc4 Nc6 27.Bf1 Nb4 28.Ra5 Nb6 29.Nxb6 Qxb6 30.Rea1 Nc2 31.R1a2
Bf6 32.Qd1 Qb3 33.Be2 Rfb7 34.Qb1 c4 35.dxc4 d3 36.Bf3 Qxc4 37.Rd5
Nd4 38.Bg2 Qc2 39.Qxc2 dxc2 40.Rxd4 exd4 41.e5 Rxb2 42.exf6 Rxa2
43.Bd5+ Kh8 44.Bxa2 Rb1+ 45.Kf2 c1Q 46.Bxc1 Rxc1 47.Kf3 gxf6 0-1

[Event "II Liga SSCS 2015 - Istok"]
[Site "VRNJAČKA BANJA - Hotel "]
[Date "2015.10.10"]
[Round "9.26"]
[White "KOSTIC, Marko ** "]
[Black "JANKOVIC, Uros  **"]
[Result "1-0"]
[WhiteElo "1938"]
[BlackElo "1792"]
[PlyCount "0"]
[EventDate "2015.08.28"]

1.d4 Nf6 2.Bf4 c5 3.dxc5 Qa5+ 4.Nd2 Nc6 5.c3 Qxc5 6.e3 e5 7.Bg3
d5 8.Ngf3 Bg4 9.h3 Bh5 10.Be2 Bd6 11.Nb3 Qb6 12.Bh4 O-O-O 13.a4
Be7 14.a5 Qc7 15.a6 b6 16.g4 Bg6 17.Bg3 Ne4 18.Bh2 h5 19.Nfd4
Bh4 20.Rf1 Nxd4 21.cxd4 Be7 22.Bb5 Bb4+ 23.Ke2 Qe7 24.Rc1+ Kb8
25.dxe5 hxg4 26.Nd4 Rc8 27.Nc6+ Rxc6 28.Rxc6 g3 29.Rxg6 fxg6
30.Qxd5 Nd2 31.Bxg3 Nxf1 32.Kxf1 Rd8 33.Qe4 g5 34.Be2 Bc5 35.Bf3
Kc8 36.Qa8+ Kd7 37.Qc6# 1-0

[Event "II Liga SSCS 2015 - Istok"]
[Site "VRNJAČKA BANJA - Hotel "]
[Date "2015.10.10"]
[Round "9.27"]
[White "PAVLOVIC, Milan R  **"]
[Black "DUBRAVCIC, Nikola  **"]
[Result "0-1"]
[WhiteElo "1792"]
[BlackElo "1862"]
[PlyCount "0"]
[EventDate "2015.08.28"]

1.e4 d6 2.Nf3 Nf6 3.Nc3 e5 4.h3 Be7 5.Bc4 Nbd7 6.d3 O-O 7.O-O
c6 8.a3 Qc7 9.Bg5 h6 10.Bh4 b5 11.Bb3 Bb7 12.Re1 Rfe8 13.d4 Rad8
14.d5 a6 15.dxc6 Bxc6 16.Rc1 Nc5 17.Bxf6 Bxf6 18.Bd5 Nd7 19.Nh2
Bg5 20.Rb1 Nb6 21.Nf3 Bxd5 22.Nxg5 Be6 23.Nxe6 fxe6 24.Qe2 Nc4
25.Nd1 Qc6 26.c3 Rc8 27.f3 Qc5+ 28.Kf1 d5 29.exd5 exd5 30.Ne3
d4 31.Nxc4 bxc4 32.Rbc1 d3 33.Qd2 e4 34.Re3 exf3 35.Rxf3 Re2
36.Qf4 Rce8 37.Qf7+ Kh8 38.Rf2 Rxf2+ 39.Qxf2 Rf8 0-1

[Event "II Liga SSCS 2015 - Istok"]
[Site "VRNJAČKA BANJA - Hotel "]
[Date "2015.10.10"]
[Round "9.28"]
[White "RAJKOVIC, Aleksandar"]
[Black "PAVLOVIC, Branka  *"]
[Result "1-0"]
[WhiteElo "2147"]
[BlackElo "1840"]
[PlyCount "0"]
[EventDate "2015.08.28"]

1.Nf3 Nf6 2.c4 e6 3.Nc3 c5 4.g3 Be7 5.Bg2 O-O 6.O-O d5 7.cxd5
exd5 8.d4 c4 9.Bg5 Nbd7 10.Ne5 Nb6 11.Bxf6 Bxf6 12.e4 Bxe5 13.dxe5
d4 14.Nd5 d3 15.b3 cxb3 16.Qxb3 Nd7 17.Qxd3 Nxe5 18.Qc3 Nc6 19.Rab1
Rb8 20.Qa3 Be6 21.Rfd1 Qa5 22.Qb2 h6 23.Rd3 f5 24.Nf4 Qxa2 25.Nxe6
Qxe6 26.exf5 Qxf5 27.Rf3 Qd7 28.Rxf8+ Kxf8 29.Qc2 Rc8 30.Rd1
Qe6 31.Qc5+ Ne7 32.Qxa7 Qe2 33.Qa4 Kg8 34.Bxb7 Rf8 35.Rf1 Ng6
36.Be4 Ne5 37.Qb4 Re8 38.Qd4 Qh5 39.Bg2 Ng4 40.Qd5+ Qxd5 41.Bxd5+
Kf8 42.Ra1 Nf6 43.Bf3 Kf7 44.Kg2 Re7 45.h4 g6 46.Rb1 Nd7 47.Rb7
Ne5 48.Bd5+ Kf6 49.Rb6+ Kg7 50.Be4 g5 51.hxg5 Nf7 52.Rg6+ Kf8
53.Bd5 1-0

[Event "II Liga SSCS 2015 - Istok"]
[Site "VRNJAČKA BANJA - Hotel "]
[Date "2015.10.10"]
[Round "9.31"]
[White "MLADENOVIC, Stefan  *"]
[Black "BLAGOJEVIC, Vladan"]
[Result "1-0"]
[WhiteElo "2326"]
[BlackElo "2136"]
[PlyCount "0"]
[EventDate "2015.08.28"]

1.d4 Nf6 2.Nf3 c5 3.d5 d6 4.Nc3 g6 5.e4 Nbd7 6.Be2 Bg7 7.O-O
O-O 8.Nd2 Kh8 9.a4 b6 10.Nc4 a6 11.f4 Ne8 12.Bf3 Rb8 13.Qe2 Qc7
14.Na3 Bb7 15.Bd2 Ndf6 16.Rae1 e6 17.g4 exd5 18.exd5 Qd7 19.g5
Ng8 20.Bg4 Qd8 21.f5 Bd4+ 22.Kh1 Nc7 23.Qg2 Ne7 24.f6 Nexd5 25.Bf3
Bxc3 26.bxc3 Qc8 27.Nc4 Qd7 28.Re4 b5 29.axb5 axb5 30.Na5 Ba8
31.Rh4 Nb6 32.Rh6 Rfe8 33.Nc6 Rbc8 34.Ne7 Bxf3 35.Rxf3 Rxe7 36.Rfh3 1-0

[Event "II Liga SSCS 2015 - Istok"]
[Site "VRNJAČKA BANJA - Hotel "]
[Date "2015.10.10"]
[Round "9.32"]
[White "RADOVIC, Luka  **"]
[Black "MARKOVIC, Marko"]
[Result "1/2-1/2"]
[WhiteElo "2286"]
[BlackElo "2269"]
[PlyCount "0"]
[EventDate "2015.08.28"]

1.e4 e5 2.Nf3 Nc6 3.c3 Nf6 4.d4 Nxe4 5.d5 Bc5 6.dxc6 Bxf2+ 7.Ke2
bxc6 8.Qa4 f5 9.Nbd2 Bb6 10.Nxe4 fxe4 11.Qxe4 O-O 12.Bg5 Qe8
13.Kd2 1/2-1/2

[Event "II Liga SSCS 2015 - Istok"]
[Site "VRNJAČKA BANJA - Hotel "]
[Date "2015.10.10"]
[Round "9.34"]
[White "LAZIC, Milan B "]
[Black "MILJKOVIC, Mihajlo"]
[Result "1/2-1/2"]
[WhiteElo "1990"]
[BlackElo "2252"]
[PlyCount "0"]
[EventDate "2015.08.28"]

1.e4 c5 2.Nc3 Nc6 3.g3 g6 4.Bg2 Bg7 5.d3 d6 6.Be3 e5 7.f4 Nge7
8.Nf3 Nd4 9.h3 O-O 10.O-O Nec6 11.Qd2 Nxf3+ 12.Rxf3 exf4 13.Bxf4
Be6 14.Bh6 Qd7 15.Kh2 Nd4 1/2-1/2

[Event "II Liga SSCS 2015 - Istok"]
[Site "VRNJAČKA BANJA - Hotel "]
[Date "2015.10.10"]
[Round "9.35"]
[White "TERZIC, Goran"]
[Black "NIKOLIC, Vladimir"]
[Result "0-1"]
[WhiteElo "2267"]
[BlackElo "1994"]
[PlyCount "0"]
[EventDate "2015.08.28"]

1.e4 g6 2.d4 Bg7 3.g3 d5 4.exd5 Qxd5 5.Nf3 Bg4 6.Bg2 c6 7.Be3
Qb5 8.Qc1 Nd7 9.h3 Bxf3 10.Bxf3 e5 11.Nc3 Qc4 12.Be2 Qe6 13.Qd2
exd4 14.Bxd4 Bxd4 15.Qxd4 Ngf6 16.O-O-O O-O 17.g4 Nb6 18.g5 Nfd5
19.Ne4 c5 20.Qd3 Nf4 21.Qf3 Nxe2+ 22.Qxe2 Qxa2 23.Nf6+ Kh8 24.c3
Nc4 25.Qc2 Rfd8 26.Qb1 Qb3 27.Qc2 Qa2 28.Qb1 Qa5 29.Rhe1 b5 30.Qe4
Qa1+ 31.Qb1 Qxb1+ 32.Kxb1 Nd2+ 33.Kc2 Nf3 34.Rxd8+ Rxd8 35.Re7
Kg7 36.Nxh7 Rd2+ 37.Kc1 Rxf2 38.Nf6 Nxg5 39.Ng4 Rf1+ 40.Kc2 a5
41.h4 Ne6 42.Ra7 a4 43.Rb7 Rf4 44.Ne5 b4 45.Nd3 b3+ 46.Kd2 Rxh4
47.Ra7 Re4 48.c4 Rxc4 49.Rxf7+ Kxf7 50.Ne5+ Kf6 51.Nxc4 Nd4 52.Nb6
a3 53.bxa3 b2 54.Nd5+ Ke5 55.Nc3 g5 56.a4 Kd6 57.a5 Kc6 58.a6
g4 59.Ke1 Nc2+ 60.Kf2 Na3 61.Kg3 b1Q 62.Nxb1 Nxb1 63.Kxg4 Kb6 0-1

[Event "II Liga SSCS 2015 - Istok"]
[Site "VRNJAČKA BANJA - Hotel "]
[Date "2015.10.10"]
[Round "9.36"]
[White "DRAGOJEVIC, Dragan"]
[Black "RADIVOJEVIC, Tomislav"]
[Result "1/2-1/2"]
[WhiteElo "1949"]
[BlackElo "2188"]
[PlyCount "0"]
[EventDate "2015.08.28"]

1.e4 c6 2.f4 d5 3.e5 g6 4.Nf3 Bg4 5.Be2 e6 6.c3 Qb6 7.d3 Nh6
8.Nbd2 Nf5 9.Nf1 Be7 10.Qb3 Qxb3 11.axb3 Nd7 12.b4 a6 13.Ne3
Nxe3 14.Bxe3 Bf5 15.Bd4 h5 16.Kf2 Kf8 17.g3 Kg7 18.h3 Rag8 19.h4 1/2-1/2

[Event "II Liga SSCS 2015 - Istok"]
[Site "VRNJAČKA BANJA - Hotel "]
[Date "2015.10.10"]
[Round "9.37"]
[White "MARJANOVIC, Miroslav"]
[Black "MITIC, Zoran"]
[Result "1-0"]
[WhiteElo "2100"]
[BlackElo "1943"]
[PlyCount "0"]
[EventDate "2015.08.28"]

1.e4 e6 2.d4 d5 3.Nd2 Nf6 4.e5 Nfd7 5.c3 c5 6.Bd3 Nc6 7.Ne2 Be7
8.O-O Nf8 9.f4 Ng6 10.Nf3 O-O 11.Be3 cxd4 12.cxd4 Bd7 13.Nc3
Bc8 14.Ng5 Bxg5 15.fxg5 Qb6 16.a3 a6 17.Na4 Qa7 18.Nc5 b6 19.Na4
Bd7 20.b4 Nce7 21.Rf3 Rfc8 22.Kh1 Bxa4 23.Qxa4 Rc3 24.Bd2 b5
25.Qd1 Rc7 26.Qg1 Nh4 27.Rf4 Neg6 28.Rg4 Qb6 29.Rf1 Nf5 30.Qf2
Nge7 31.h4 g6 32.Rf4 Rac8 33.a4 Ng7 34.Rxf7 Qb8 35.Qf6 Nef5 36.Bxf5
Nxf5 37.Rxf5 Rxf7 38.Qxf7+ Kh8 39.Qf6+ 1-0

[Event "II Liga SSCS 2015 - Istok"]
[Site "VRNJAČKA BANJA - Hotel "]
[Date "2015.10.10"]
[Round "9.41"]
[White "PETROV, Georgi"]
[Black "MARJANOVIC, Dejan  **"]
[Result "1/2-1/2"]
[WhiteElo "2248"]
[BlackElo "2316"]
[PlyCount "0"]
[EventDate "2015.08.28"]

1.e4 c5 2.Nf3 d6 3.Bb5+ Nd7 4.d4 cxd4 5.Qxd4 a6 6.Bxd7+ Bxd7
7.O-O Rc8 8.c4 e5 9.Qd3 b5 10.Na3 Qb6 11.Rd1 Qb7 12.Bg5 h6 13.Bh4
g5 14.Bg3 Be7 15.cxb5 axb5 16.Nd2 Nf6 17.Nc2 h5 18.h4 Ng4 19.Nf3
Rc4 20.Nxg5 f6 21.Nf3 d5 22.exd5 e4 23.Qe2 exf3 24.gxf3 Ne5 25.b3
Rc5 26.Qe4 Kf7 27.Ne3 Ng6 28.d6 Qxe4 29.fxe4 Bd8 30.Rac1 Rxc1
31.Rxc1 Re8 32.Rc5 Ne5 33.Nd5 Ng6 34.Nc7 Rxe4 35.Rxh5 Re1+ 36.Kg2
Bc6+ 37.Kh3 Kg7 38.Rc5 Bd7+ 39.Kg2 f5 40.h5 f4 41.hxg6 fxg3 42.Kxg3
Kxg6 43.Nxb5 Bb6 44.Rc4 Kg7 45.Kh2 Rf1 46.a4 Rxf2+ 47.Kg3 Rd2
48.Rc3 Kf6 49.Kf4 Ba5 50.Rf3 Re2 51.Rd3 Re1 52.Kf3 Rh1 53.Kf4
Rh4+ 54.Ke3 Rh3+ 55.Kd4 Rh4+ 56.Kc5 Rh5+ 57.Kd4 Bf5 58.Rf3 Ke6
59.Re3+ Kd7 60.Rg3 Kc6 61.Rf3 Be6 62.Rg3 Bd8 63.Kc3 Bf6+ 64.Kb4
Rh4+ 65.Ka3 Rh2 66.Rd3 Bb2+ 67.Kb4 Rh4+ 68.Ka5 Bd7 69.Rd2 Be5
70.Rc2+ Kd5 71.Rd2+ Kc5 72.Rc2+ Kd5 1/2-1/2

[Event "II Liga SSCS 2015 - Istok"]
[Site "VRNJAČKA BANJA - Hotel "]
[Date "2015.10.10"]
[Round "9.42"]
[White "DMITROVIC, Tomislav"]
[Black "TONIC, Milos  *"]
[Result "1/2-1/2"]
[WhiteElo "2254"]
[BlackElo "2037"]
[PlyCount "0"]
[EventDate "2015.08.28"]

1.e4 c6 2.d3 d5 3.Nd2 e5 4.Ngf3 Bd6 5.g3 Nf6 6.Bg2 O-O 7.O-O
Bg4 8.h3 Bxf3 9.Qxf3 Na6 10.Qe2 Re8 11.Nf3 Nc5 12.Nh2 dxe4 13.dxe4
Ne6 14.Rd1 Qc7 15.c3 Rad8 16.Nf1 Bc5 17.Rxd8 Rxd8 18.b4 Bf8 19.Be3
a5 20.a3 Ra8 21.Rb1 axb4 22.axb4 b5 23.Nd2 Ra2 24.Qd1 Qd7 25.Ra1
Rxa1 26.Qxa1 g6 1/2-1/2

[Event "II Liga SSCS 2015 - Istok"]
[Site "VRNJAČKA BANJA - Hotel "]
[Date "2015.10.10"]
[Round "9.43"]
[White "TRICKOVIC, Borivoje"]
[Black "TOSIC, Nebojsa"]
[Result "1/2-1/2"]
[WhiteElo "2214"]
[BlackElo "2137"]
[PlyCount "0"]
[EventDate "2015.08.28"]

1.d4 Nf6 2.Bg5 Ne4 3.Bf4 c5 4.f3 Nf6 5.d5 e6 6.e4 exd5 7.exd5
d6 8.Bb5+ Bd7 9.Qe2+ Qe7 10.Nc3 a6 11.Bxd7+ Nbxd7 12.a4 Nb6 13.O-O-O
Qxe2 14.Ngxe2 O-O-O 15.Ng3 Kd7 16.Rhe1 Re8 17.Rxe8 Nxe8 18.b3
Be7 19.Nf5 Nc8 20.Nxe7 Nxe7 21.a5 h6 22.Na4 Nc8 23.c4 Nf6 24.Re1
Ng8 25.Kc2 Nge7 26.b4 cxb4 27.Rb1 g5 28.Bg3 Nf5 29.Bf2 Re8 30.Kd3
Kc7 31.Rxb4 Nfe7 32.Nc3 Ng6 33.Ne2 Nce7 34.Bb6+ Kc8 35.Rb2 Nf5
36.Ng3 Nf4+ 37.Kc3 Nxg3 38.hxg3 Ne2+ 39.Kd3 Nxg3 40.c5 Re5 41.Kc4
dxc5 42.Bxc5 Nf5 43.Rb6 Re1 44.Rf6 Rc1+ 45.Kb4 Rb1+ 46.Kc4 Rc1+
47.Kb4 Rb1+ 48.Kc4 Rc1+ 1/2-1/2

[Event "II Liga SSCS 2015 - Istok"]
[Site "VRNJAČKA BANJA - Hotel "]
[Date "2015.10.10"]
[Round "9.44"]
[White "TRIFUNOVIC, Miroljub"]
[Black "DIMITRIJEVIC, Dusan  *"]
[Result "1-0"]
[WhiteElo "2209"]
[BlackElo "2135"]
[PlyCount "0"]
[EventDate "2015.08.28"]

1.d4 Nf6 2.c4 e6 3.Nc3 Bb4 4.e3 b6 5.Nge2 O-O 6.a3 Be7 7.Nf4
d6 8.Be2 Bb7 9.d5 e5 10.Nd3 a5 11.Rb1 Ba6 12.b3 Nbd7 13.O-O Re8
14.e4 Nc5 15.f3 Nfd7 16.Be3 Bg5 17.Bf2 Rf8 18.b4 axb4 19.axb4
Nxd3 20.Bxd3 g6 21.Qc2 Qe7 22.Ra1 Rfb8 23.Ra2 b5 24.cxb5 Bb7
25.Na4 Nf6 26.Rfa1 Ne8 27.g3 f5 28.Nc3 fxe4 29.fxe4 Nf6 30.h3
Qd7 31.Bf1 Qf7 32.Rxa8 Rxa8 33.Rxa8+ Bxa8 34.Qa2 Qf8 35.Qa7 Bd2
36.Nb1 Nxe4 37.Nxd2 Nxd2 38.Bg2 e4 39.Qxc7 Bxd5 40.b6 Qf7 41.Qc8+
Kg7 42.Bd4+ Kh6 43.Be3+ Kg7 44.Bxd2 Bb7 45.Qc7 d5 46.Bc3+ Kf8
47.Qb8+ 1-0

[Event "II Liga SSCS 2015 - Istok"]
[Site "VRNJAČKA BANJA - Hotel "]
[Date "2015.10.10"]
[Round "9.45"]
[White "MINCIC, Srbislav"]
[Black "ZAFIROVSKI, Mite"]
[Result "1/2-1/2"]
[WhiteElo "2227"]
[BlackElo "2257"]
[PlyCount "0"]
[EventDate "2015.08.28"]

1.e4 c5 2.Nc3 Nc6 3.f4 g6 4.Nf3 Bg7 5.d3 d6 6.Be2 Rb8 7.O-O b5
8.Qe1 e6 9.f5 b4 10.fxe6 fxe6 11.Nd1 Nf6 12.e5 dxe5 13.Bg5 1/2-1/2

[Event "II Liga SSCS 2015 - Istok"]
[Site "VRNJAČKA BANJA - Hotel "]
[Date "2015.10.10"]
[Round "9.46"]
[White "MAKSIMOVIC, Boban"]
[Black "MILUTINOVIC, Stefana  **"]
[Result "1/2-1/2"]
[WhiteElo "2216"]
[BlackElo "2124"]
[PlyCount "0"]
[EventDate "2015.08.28"]

1.c4 g6 2.b3 Bg7 3.Nc3 Nf6 4.Bb2 O-O 5.g3 d6 6.d4 c5 7.e3 cxd4
8.exd4 Bg4 9.Qd2 d5 10.Bg2 dxc4 11.bxc4 Nc6 12.h3 Bf5 13.g4 Bd7
14.Nf3 Rc8 15.Ne5 Qa5 16.Nd5 Qxd2+ 17.Kxd2 Nxd5 18.Nxd7 Nb6 19.Nxb6
axb6 20.Kd3 Nxd4 21.Bxb7 Rc7 1/2-1/2

[Event "II Liga SSCS 2015 - Istok"]
[Site "VRNJAČKA BANJA - Hotel "]
[Date "2015.10.10"]
[Round "9.47"]
[White "KOSTIC, Aleksandar  *"]
[Black "MILOSEVIC, Jovana  **"]
[Result "1/2-1/2"]
[WhiteElo "1964"]
[BlackElo "2119"]
[PlyCount "0"]
[EventDate "2015.08.28"]

1.e4 d6 2.d4 Nf6 3.Nc3 e5 4.dxe5 dxe5 5.Qxd8+ Kxd8 6.Bc4 Ke8
7.Nf3 Bd6 8.Bg5 Nbd7 9.O-O-O h6 10.Bh4 g5 11.Bg3 Nh5 12.Nb5 Ke7
13.Nxd6 cxd6 14.Nd2 Nb6 15.Bb3 Be6 16.Nb1 Nd7 17.Nc3 Ndf6 18.Rd2
a6 19.Rhd1 Rad8 20.f3 Nxg3 21.hxg3 h5 22.Nd5+ Nxd5 23.Bxd5 Bxd5
24.Rxd5 h4 25.gxh4 gxh4 26.a4 Rhg8 27.R1d2 Rg6 28.Rf2 Rdg8 29.Rdd2
Ke6 30.b3 f5 31.exf5+ Kxf5 32.c4 Rc8 33.Kb2 Rc5 34.Rfe2 b5 35.axb5
axb5 36.Re4 Rh6 37.Ka3 bxc4 38.bxc4 Ke6 39.Kb4 Rc8 40.Ra2 h3
41.gxh3 Rxh3 42.Rf2 Kf5 43.Rg4 Rxf3 44.Rxf3+ Kxg4 45.Rd3 Rd8
46.Kc3 Kf4 47.Rd5 Ke4 48.Kd2 Rc8 49.Rxd6 Rxc4 50.Rh6 1/2-1/2

[Event "II Liga SSCS 2015 - Istok"]
[Site "VRNJAČKA BANJA - Hotel "]
[Date "2015.10.10"]
[Round "9.48"]
[White "TURUDIC, Nenad"]
[Black "MITIC, Ivan M"]
[Result "1/2-1/2"]
[WhiteElo "2205"]
[BlackElo "1860"]
[PlyCount "0"]
[EventDate "2015.08.28"]

1.e4 c6 2.d4 d5 3.Nc3 dxe4 4.Nxe4 Bf5 5.Ng3 Bg6 6.Nf3 Nd7 7.h4
h6 8.h5 Bh7 9.Bd3 Bxd3 10.Qxd3 e6 11.Bf4 Qa5+ 12.c3 Ngf6 13.a4
Nd5 14.Bd2 Qc7 15.O-O Be7 16.c4 Nb4 17.Qe2 O-O 18.Nf5 Nf6 19.Nxe7+
Qxe7 20.c5 Nbd5 21.Ne5 Nd7 22.Ng4 N7f6 23.Ne5 Nd7 24.Ng4 1/2-1/2

[Event "II Liga SSCS 2015 - Istok"]
[Site "VRNJAČKA BANJA - Hotel "]
[Date "2015.10.10"]
[Round "9.51"]
[White "RISTIC, Nebojsa B"]
[Black "TODOROVIC, Jovan"]
[Result "1/2-1/2"]
[WhiteElo "2313"]
[BlackElo "2394"]
[PlyCount "0"]
[EventDate "2015.08.28"]

1.d4 Nf6 2.Nf3 e6 3.Bg5 d5 4.e3 Be7 5.c4 O-O 6.Nc3 h6 7.Bh4 b6
8.Qc2 Bb7 9.Bxf6 Bxf6 10.cxd5 exd5 11.O-O-O c5 12.h4 Nc6 13.g4
cxd4 14.exd4 g6 15.g5 hxg5 16.hxg5 Bg7 17.a3 Qd6 18.Rh3 a6 19.Bd3
b5 20.Rdh1 b4 21.axb4 Nxb4 22.Qd2 Rfe8 23.Bb1 a5 1/2-1/2

[Event "II Liga SSCS 2015 - Istok"]
[Site "VRNJAČKA BANJA - Hotel "]
[Date "2015.10.10"]
[Round "9.52"]
[White "NADJ HEDJESI, Balind"]
[Black "DIMITRIJEVIC, Zoran"]
[Result "1/2-1/2"]
[WhiteElo "2399"]
[BlackElo "2137"]
[PlyCount "0"]
[EventDate "2015.08.28"]

1.e4 d5 2.exd5 Qxd5 3.Nc3 Qd8 4.Bc4 Nf6 5.Nf3 e6 6.d4 Be7 7.Qe2
Nc6 8.Bf4 a6 9.O-O-O Nd5 10.Bxd5 exd5 11.Ne5 O-O 12.Rhe1 Be6
13.Rd3 Bg5 14.Qe3 Bxf4 15.Qxf4 Qd6 16.Rg3 Ne7 17.h4 Nf5 18.Rf3
Rae8 19.Nd3 Qxf4+ 20.Rxf4 Nd6 21.Nc5 c6 22.g3 Bc8 23.Nd3 Rxe1+
24.Nxe1 Re8 25.Nd3 f6 26.b3 Bf5 27.Nc5 Bc8 28.Kd2 Re7 29.N3a4
h5 30.Rf3 Bf5 31.Nb2 Kf7 32.Nbd3 Bxd3 33.Rxd3 Ne4+ 34.Nxe4 Rxe4
35.f3 Re7 36.c4 Rd7 37.c5 Re7 38.b4 g5 39.a4 Kg6 40.b5 axb5 41.axb5
Kf5 42.hxg5 1/2-1/2

[Event "II Liga SSCS 2015 - Istok"]
[Site "VRNJAČKA BANJA - Hotel "]
[Date "2015.10.10"]
[Round "9.53"]
[White "BULATOVIC, Nikola  **"]
[Black "CABARKAPA, Novak  **"]
[Result "0-1"]
[WhiteElo "2078"]
[BlackElo "2377"]
[PlyCount "0"]
[EventDate "2015.08.28"]

1.e4 d5 2.exd5 Qxd5 3.Nf3 Bg4 4.Be2 Nc6 5.d4 O-O-O 6.Be3 e5 7.c4
Qa5+ 8.Bd2 Qa6 9.c5 Bxf3 10.gxf3 b5 11.cxb6 Qxb6 12.d5 Nd4 13.Nc3
Bb4 14.Qa4 Nf6 15.a3 Be7 16.Nb5 Nxb5 17.Bxb5 Rxd5 18.Ba6+ Kb8
19.Be3 Bc5 20.Rc1 Bxe3 21.Rc6 Qa5+ 22.Qxa5 Bxf2+ 23.Kxf2 Rxa5
24.Rg1 Ne8 25.Bd3 Rd5 26.Ke2 g6 27.Rg4 Rd4 28.Rxd4 exd4 29.Rc4
Nd6 30.Rxd4 Re8+ 31.Kf2 Re5 32.Rb4+ Kc8 33.Ba6+ Kd7 34.Bd3 Rh5
35.Kg3 Rd5 36.Be2 a5 37.Rb8 h5 38.b4 axb4 39.axb4 Rd2 40.Kf2
Rb2 41.b5 Nf5 42.Ke1 Nd4 0-1